Central Library OPAC University of Rajshahi

The Tudor revolution in government : (Record no. 25254)

MARC details
000 -LEADER
fixed length control field 00851nam a2200241 a 4500
001 - CONTROL NUMBER
control field 25254
003 - CONTROL NUMBER IDENTIFIER
rucl marc code BD-RjUL
005 - DATE AND TIME OF LATEST TRANSACTION
control field 20211209050843.0
008 - FIXED-LENGTH DATA ELEMENTS--GENERAL INFORMATION
fixed length control field 140316r19601953enk b 001 0 eng d
035 ## - SYSTEM CONTROL NUMBER
System control number (BD-RjUL)25323
System control number (OCoLC)30203141
040 ## - CATALOGING SOURCE
Original cataloging agency BD-RjUL
Language of cataloging eng
Transcribing agency BD-RjUL
041 ## - LANGUAGE CODE
Language code of text/sound track or separate title eng
082 ## - DEWEY DECIMAL CLASSIFICATION NUMBER
Classification number 354.410009031
Edition number 18
Author mark and year ELT
100 1# - MAIN ENTRY--PERSONAL NAME
Personal name Elton, G. R.
Fuller form of name (Geoffrey Rudolph)
9 (RLIN) 861
245 14 - TITLE STATEMENT
Title The Tudor revolution in government :
Remainder of title administrative changes in the reign of Henry VIII /
Statement of responsibility, etc. by G.R. Elton.
260 ## - PUBLICATION, DISTRIBUTION, ETC. (IMPRINT)
Place of publication, distribution, etc. Cambridge :
Name of publisher, distributor, etc. Cambridge University Press,
Date of publication, distribution, etc. 1953 [reprinted 1960]
300 ## - PHYSICAL DESCRIPTION
Pagination xiii, 466 p. ;
Size 23 cm.
504 ## - BIBLIOGRAPHY, ETC. NOTE
Bibliography, etc Includes bibliographical footnotes and index.
650 #0 - SUBJECT ADDED ENTRY--TOPICAL TERM
Topical term or geographic name as entry element Administrative law
Geographic subdivision England
General subdivision History.
9 (RLIN) 76150
651 #0 - SUBJECT ADDED ENTRY--GEOGRAPHIC NAME
Geographic name Great Britain
General subdivision Politics and government
Chronological subdivision 1509-1547.
9 (RLIN) 50273
942 ## - ADDED ENTRY ELEMENTS (KOHA)
Source of classification or shelving scheme Dewey Decimal Classification
Koha item type Books
Holdings
Lost status Source of classification or shelving scheme Damaged status Not for loan Collection code Permanent Location Current Location Shelving location Date acquired Total Checkouts Full call number Date last seen Copy number Koha item type Source of acquisition Cost, normal purchase price
  Dewey Decimal Classification     Non-fiction Central Library, University of Rajshahi Central Library, University of Rajshahi   16/03/2014   354.410009031 ELT 1960 16/03/2014 C-7 Books    
  Dewey Decimal Classification     Non-fiction Central Library, University of Rajshahi Central Library, University of Rajshahi   07/02/1963   354.410009031 ELT 1960 16/03/2014 C-8 Books Zeitlinger 25.00
  Dewey Decimal Classification     Non-fiction Central Library, University of Rajshahi Central Library, University of Rajshahi   12/12/1962   354.410009031 ELT 1959 16/03/2014 C-5 Books Zeitlinger 50.00